[Event "Hallstahammar op"]
[Site "Hallstahammar"]
[Date "2003.09.14"]
[Round "7"]
[White "Bergstrom, Goran"]
[Black "Lindhe, Benny"]
[Result "1/2-1/2"]
[WhiteElo "1673"]
[BlackElo "1466"]
[PlyCount "37"]
[EventDate "2003.09.12"]
[EventType "swiss"]
[EventRounds "7"]
[EventCountry "SWE"]
[SourceTitle "CBM 096 Extra"]
[Source "ChessBase"]
[SourceDate "2003.10.22"]
[SourceVersion "2"]
[SourceVersionDate "2003.10.20"]
[SourceQuality "1"]

1. e4 e6 2. d4 d5 3. exd5 exd5 4. Bd3 Nc6 5. c3 Nf6 6. Bg5 Be7 7. Nf3 Qd6 8. Qe2 Bg4 9. Nbd2 h6 10. Bh4 0-0-0 11. 0-0 Nh5 12. Bxe7 Nxe7 13. g3 Rde8 14. Rfe1 Kb8 15. Qd1 Nf6 16. Qc2 Nc6 17. Bf5 Bxf5 18. Qxf5 g6 19. Qd3 1/2-1/2